Environmental engineering (Record no. 5357)

000 -LEADER
fixed length control field 00678nam a2200241 4500
001 - CONTROL NUMBER
control field 5357
003 - CONTROL NUMBER IDENTIFIER
control field BD-DhUET
008 - FIXED-LENGTH DATA ELEMENTS--GENERAL INFORMATION
fixed length control field 141126b xxu||||| |||| 00| 0 eng d
020 ## - INTERNATIONAL STANDARD BOOK NUMBER
International Standard Book Number 0071002316
040 ## - CATALOGING SOURCE
Transcribing agency 0
Modifying agency BD-DhUET
082 ## - DEWEY DECIMAL CLASSIFICATION NUMBER
Classification number 628
Item number PEA/1985
100 ## - MAIN ENTRY--PERSONAL NAME
Personal name Peavy, Howard S
245 ## - TITLE STATEMENT
Title Environmental engineering
250 ## - EDITION STATEMENT
Edition statement 1st ed.
260 ## - PUBLICATION, DISTRIBUTION, ETC. (IMPRINT)
Place of publication, distribution, etc. New york
Name of publisher, distributor, etc. McGraw-Hill
Date of publication, distribution, etc. 1985
300 ## - PHYSICAL DESCRIPTION
Extent xiv,699 p.+various paging
Other physical details ill.
490 ## - SERIES STATEMENT
Series statement McGraw-Hill series in water resources and environmental engineering
504 ## - BIBLIOGRAPHY, ETC. NOTE
Bibliography, etc Includes bibliographies
650 #0 - SUBJECT ADDED ENTRY--TOPICAL TERM
Topical term or geographic name as entry element Environmental engineering
700 ## - ADDED ENTRY--PERSONAL NAME
Personal name Rowe, Donald R.
700 ## - ADDED ENTRY--PERSONAL NAME
Personal name Tchobanoglous, George
942 ## - ADDED ENTRY ELEMENTS (KOHA)
Koha item type General Book
Holdings
Koha full call number Date acquired Damaged status Not for loan Withdrawn status Copy number Piece designation (barcode) Sublocation or collection (holding branch) Koha normalized classification for sorting Source of classification or shelving scheme Koha issues (times borrowed) Location (home branch) Price effective from Koha renewals Shelving location Koha date last borrowed Koha item type Lost status Koha date last seen
628/PEA/19852014-11-26   181896Central Library, BUET628PEA1985 9Central Library, BUET2014-11-26 Circulation section2023-12-10General Book 2024-09-08
628/PEA/19852014-11-26   281895Central Library, BUET628PEA1985 10Central Library, BUET2014-11-26 Circulation section2024-03-16General Book 2024-06-02
628/PEA/19852015-06-18   388788Central Library, BUET628_000000000000000_PEA_1985  Central Library, BUET2015-06-18 Reading section Reading Item 2015-06-18
628/PEA/19852015-06-18   487579Central Library, BUET628_000000000000000_PEA_1985  Central Library, BUET2015-06-18 Reading section Reading Item 2015-06-18
628/PEA/19851991-10-28   581894Central Library, BUET628_000000000000000_PEA_1985 2Central Library, BUET2017-10-31 Circulation section2020-03-16General Book 2021-11-13
628 PEA/19851991-10-28   ক-৫১81847Central Library, BUET628_000000000000000_PEA_1985  Central Library, BUET2024-12-01 Rental section Rental Item 2024-12-01
628 PEA/19851991-10-28   ক-৭৮81874Central Library, BUET628_000000000000000_PEA_1985  Central Library, BUET2024-12-01 Rental section Rental Item 2024-12-01
628 PEA/19851991-10-28   ক-৭৯81875Central Library, BUET628_000000000000000_PEA_1985  Central Library, BUET2024-12-01 Rental section Rental Item 2024-12-01
628 PEA/19851991-10-28   ক-৮০81876Central Library, BUET628_000000000000000_PEA_1985  Central Library, BUET2024-12-01 Rental section Rental Item 2024-12-01
628 PEA/19851991-10-28   ক-৮১81877Central Library, BUET628_000000000000000_PEA_1985  Central Library, BUET2024-12-01 Rental section Rental Item 2024-12-01
628 PEA/19851991-10-28   ক-৮২81878Central Library, BUET628_000000000000000_PEA_1985  Central Library, BUET2024-12-01 Rental section Rental Item 2024-12-01
628 PEA/19851991-10-28   ক-৮৩81879Central Library, BUET628_000000000000000_PEA_1985  Central Library, BUET2024-12-01 Rental section Rental Item 2024-12-01
628 PEA/19851991-10-28   ক-৮৪81880Central Library, BUET628_000000000000000_PEA_1985  Central Library, BUET2024-12-01 Rental section Rental Item 2024-12-01
628 PEA/19851991-10-28   ক-৮৫81881Central Library, BUET628_000000000000000_PEA_1985  Central Library, BUET2024-12-01 Rental section Rental Item 2024-12-01
628 PEA/19851991-10-28   ক-৮৬81882Central Library, BUET628_000000000000000_PEA_1985  Central Library, BUET2024-12-01 Rental section Rental Item 2024-12-01
628 PEA/19851991-10-28   ক-৮৭81883Central Library, BUET628_000000000000000_PEA_1985  Central Library, BUET2024-12-01 Rental section Rental Item 2024-12-01
628 PEA/19851991-10-28   ক-৮৭81884Central Library, BUET628_000000000000000_PEA_1985  Central Library, BUET2024-12-01 Rental section Rental Item 2024-12-01